LEADER 02691nam 2200685 450 001 9910788948603321 005 20230213215800.0 010 $a3-11-084822-8 024 7 $a10.1515/9783110848229 035 $a(CKB)3390000000062122 035 $a(EBL)3049493 035 $a(OCoLC)922950414 035 $a(SSID)ssj0001407607 035 $a(PQKBManifestationID)12535190 035 $a(PQKBTitleCode)TC0001407607 035 $a(PQKBWorkID)11410323 035 $a(PQKB)10005662 035 $a(MiAaPQ)EBC3049493 035 $a(DE-B1597)53254 035 $a(OCoLC)1013936984 035 $a(OCoLC)1029831113 035 $a(OCoLC)1032681513 035 $a(OCoLC)1037980523 035 $a(OCoLC)1041998684 035 $a(OCoLC)1046615524 035 $a(OCoLC)1047022115 035 $a(OCoLC)1049627459 035 $a(OCoLC)1054879754 035 $a(OCoLC)979585776 035 $a(DE-B1597)9783110848229 035 $a(Au-PeEL)EBL3049493 035 $a(CaPaEBR)ebr11008853 035 $a(CaONFJC)MIL807448 035 $a(EXLCZ)993390000000062122 100 $a19840820d1984 uy| 0 101 0 $aeng 135 $aur|n|---||||| 181 $ctxt 182 $cc 183 $acr 200 10$aAnorexia nervosa $ea clinician's guide to treatment /$fWalter Vandereycken, Rolf Meermann 205 $aReprint 2014 210 1$aBerlin ;$aNew York :$cWalter de Gruyter,$d1984. 215 $a1 online resource (268 p.) 300 $aDescription based upon print version of record. 311 $a3-11-009531-9 320 $aIncludes bibliographical references. 327 $tFrontmatter -- $tPreface -- $tLIST OF TABLES -- $tLIST OF FIGURES -- $tLIST OF APPENDICES -- $tTABLE OF CONTENTS -- $tChapter 1. How can a reliable diagnosis be made? -- $tChapter 2. What are the causes? -- $tChapter 3. Is prevention possible? -- $tChapter 4. What should be done at the acute stage? -- $tChapter 5. When is outpatient treatment possible? -- $tChapter 6. How should an inpatient treatment program be structured? -- $tChapter 7. Are drugs useful? -- $tChapter 8. Has the family to be treated? -- $tChapter 9. How should specific problems be handled? -- $tChapter 10. Who is the best therapist? -- $tChapter 11. When can the patient be said to have recovered? -- $tAbout the authors -- $tBackmatter 606 $aAnorexia nervosa 615 0$aAnorexia nervosa. 676 $a616.85/2 700 $aVandereycken$b Walter$f1949-$0152212 702 $aMeermann$b Rolf$f1949- 801 0$bMiAaPQ 801 1$bMiAaPQ 801 2$bMiAaPQ 906 $aBOOK 912 $a9910788948603321 996 $aAnorexia nervosa$93776445 997 $aUNINA LEADER 04762nam 2200745 450 001 9910797011603321 005 20230807214327.0 010 $a3-11-036855-2 010 $a3-11-039263-1 024 7 $a10.1515/9783110368550 035 $a(CKB)3710000000393007 035 $a(EBL)1692426 035 $a(SSID)ssj0001459315 035 $a(PQKBManifestationID)11822125 035 $a(PQKBTitleCode)TC0001459315 035 $a(PQKBWorkID)11456694 035 $a(PQKB)11395837 035 $a(MiAaPQ)EBC1692426 035 $a(DE-B1597)429101 035 $a(OCoLC)906058496 035 $a(OCoLC)961517823 035 $a(DE-B1597)9783110368550 035 $a(Au-PeEL)EBL1692426 035 $a(CaPaEBR)ebr11049252 035 $a(CaONFJC)MIL807071 035 $a(OCoLC)907442662 035 $a(EXLCZ)993710000000393007 100 $a20141218h20152015 uy| 0 101 0 $aeng 135 $aur|nu---|u||u 181 $ctxt 182 $cc 183 $acr 200 00$aLiterature and human rights $ethe law, the language and the limitations of human rights discourse /$fedited by Ian Ward 210 1$aBerlin ;$aBoston :$cDe Gruyter,$d[2015] 210 4$d©2015 215 $a1 online resource (342 p.) 225 1 $aLaw & literature ;$vVolume 9 300 $aDescription based upon print version of record. 311 $a3-11-055302-3 311 $a3-11-037410-2 320 $aIncludes bibliographical references and index. 327 $tFront matter --$tContents --$tLiterature and Human Rights: Interdisciplinary Reflections on the Law, the Language and the Limitations of Human Rights Discourse --$tEmpathy, Literature and Human Rights: The Case of Elliot Perlman, The Street Sweeper /$rPorsdam, Helle --$tPrivacy, Blighted Lives, and a Blindspot in British Law /$rMullender, Richard --$tA Squeamishness about Existing: Fernando Pessoa's Quiet Rejection of the Human in The Book of Disquiet /$rAristodemou, Maria --$tI and Another: Rethinking the Subject of Human Rights with Dostoyevsky, Bakhtin and Simondon /$rBaldissone, Riccardo --$tDehumanizing the Enemy: How to Avoid Human Rights /$rCarpi, Daniela --$tAm I not a man and a brother? /$rBellman, Patrizia Nerozzi --$tMental Illness and Human Rights in Patrick McGrath's Asylum /$rBattisti, Chiara --$tThe Role of Forensics in Human Rights Discourse: Kathy Reichs's Crime Fiction and the Rights of the Dead /$rFiorato, Sidia --$tRumpole and the Rights of Accused Terrorists /$rDoerr, Roxanne Barbara --$tReality, Theatre and Human Rights /$rDente, Carla --$tThe Rights and Wrongs of Marriage: Article 16.2 UDHR and the Case of Edith Dombey /$rWard, Ian --$tManju Kapur's Difficult Daughters and the Cause of Female Literacy in India /$rCarbone, Paola --$tThe Trial of Jomo Kenyatta, by Montagu Slater: Oral Tradition and Fundamental Rights in the Trial /$rLanzoni, Lisa --$t'n Droë Wit Seisoen in die Stormkaap: André Brink and the Fundamental Rights of the Afrikaners in Apartheid South Africa /$rNicolini, Matteo --$tThe Definition of "Linguistic Minority" /$rTomaselli, Alessandra / Panzeri, Lino --$tRights of Humans/Rights of Nature: The Language of Environmental Rights in UN Documents /$rAdami, Valentina --$tOn Crimes, Punishments, and Words: Legal and Language Issues in Cesare Beccaria's Works /$rLogaldo, Mara --$tDignity and Disgrace in Law and Literature /$rGaakeer, Jeanne --$tContributors --$tIndex 330 $aThe idea of human rights is not new. But the importance of taking rights seriously has never been more urgent. The eighteen essays which comprise Literature and Human Rights are written as a contribution to this vital debate. Each moreover is written in the spirit of interdisciplinarity, reaching across the myriad constitutive disciplines of law, literature and the humanities in order to present an array of alternative perspectives on the nature and meaning of human rights in the modern world. The taking of human rights seriously, it will be suggested, depends just as much on taking seriously the idea of the human as it does the idea of rights. 410 0$aLaw & literature (De Gruyter) ;$vVolume 9. 606 $aHuman rights in literature 606 $aLaw and literature 606 $aHuman rights$xLanguage 610 $aLiterature. 610 $ahuman rights. 610 $alanguage. 610 $alaw. 615 0$aHuman rights in literature. 615 0$aLaw and literature. 615 0$aHuman rights$xLanguage. 676 $a809/.933581 686 $aEC 2460$2rvk 702 $aWard$b Ian$f1963- 801 0$bMiAaPQ 801 1$bMiAaPQ 801 2$bMiAaPQ 906 $aBOOK 912 $a9910797011603321 996 $aLiterature and human rights$93717470 997 $aUNINA